000
00348pam a2200157a 44500
008
230515b2008 xxu||||| |||| 00| 0 eng d
020
_a
NULL
041
_a
ENGLISH
082
_a
620.1 RAM
100
_a
S RAMAMRUTHAM
245
_a
ENGINEERING MECHANICS
250
_a
9
260
_a
PUNE
_b
DHANPAT RAI
_c
2008
300
_a
896
650
_a
NULL
999
_c
640902
_d
640902